[Event "BL2 West 1819 (Women)"]
[Site "Germany"]
[Date "2018.11.17"]
[Round "3.5"]
[White "Frank, Carolin"]
[Black "Hoefner, Nina"]
[Result "1/2-1/2"]
[WhiteElo "1611"]
[BlackElo "1589"]
[PlyCount "86"]
[EventDate "2018.10.27"]
[EventType "team-tourn"]
[EventRounds "7"]
[EventCountry "GER"]
[SourceTitle "CBM 190 Extra"]
[Source "ChessBase"]
[SourceDate "2019.07.15"]
[SourceVersion "1"]
[SourceVersionDate "2019.07.15"]
[SourceQuality "1"]
[WhiteTeam "Muelheim Nord (W)"]
[BlackTeam "Hamburger SK (W) II"]
[WhiteTeamCountry "GER"]
[BlackTeamCountry "GER"]

1. Nf3 Nf6 2. g3 g6 3. b3 Bg7 4. Bb2 d6 5. d4 0-0 6. Bg2 Nbd7 7. 0-0 Nh5 8. e4 e5 9. dxe5 Nxe5 10. Nxe5 dxe5 11. Nd2 Qe7 12. Bf3 Nf6 13. Nc4 Rd8 14. Qe2 Ne8 15. Ba3 Nd6 16. Rfd1 Qf6 17. Ne3 Be6 18. Bxd6 Rxd6 19. Rxd6 cxd6 20. Bg4 h5 21. Bxe6 Qxe6 22. Nd5 Rc8 23. Rd1 Bf8 24. Rd2 Bh6 25. Rd3 Bf8 26. Qd2 Rd8 27. Rc3 f5 28. Qg5 Rb8 29. Nf6+ Kf7 30. Rc7+ Be7 31. Nd5 Re8 32. Nxe7 Rxe7 33. Rxe7+ Qxe7 34. Qxe7+ Kxe7 35. exf5 gxf5 36. c4 Ke6 37. Kf1 d5 38. cxd5+ Kxd5 39. Ke2 Ke4 40. f3+ Kd4 41. Kd2 e4 42. fxe4 Kxe4 43. Ke2 f4 1/2-1/2

[Event "GER-ch U25-B"]
[Site "Willingen"]
[Date "2018.05.24"]
[Round "7"]
[White "Seliokaite, Ana"]
[Black "Frank, Carolin"]
[Result "1-0"]
[WhiteElo "1337"]
[BlackElo "1571"]
[PlyCount "75"]
[EventDate "2018.05.19"]
[EventType "swiss"]
[EventRounds "9"]
[EventCountry "GER"]
[SourceTitle "CBM 184 Extra"]
[Source "ChessBase"]
[SourceDate "2018.06.28"]
[SourceVersion "1"]
[SourceVersionDate "2018.06.28"]
[SourceQuality "1"]

1. e4 c6 2. Nc3 d5 3. exd5 cxd5 4. Nf3 Nf6 5. d4 Nc6 6. Ne5 Bf5 7. Bb5 Qb6 8. 0-0 e6 9. Bf4 Bb4 10. a4 a6 11. Bxc6+ bxc6 12. Ne2 Be7 13. Qc1 0-0 14. Bg5 Rfc8 15. c3 Qc7 16. b4 c5 17. bxc5 Bxc5 18. Ng3 Be7 19. Ne2 Rab8 20. Bf4 Bd6 21. f3 Nh5 22. g4 Nxf4 23. Nxf4 f6 24. gxf5 fxe5 25. Nxe6 Qxc3 26. Qg5 Rb7 27. Rac1 Qxc1 28. Rxc1 Rcb8 29. f6 g6 30. dxe5 Ba3 31. Rd1 Re8 32. Nf4 Bc5+ 33. Kf1 d4 34. Nd3 Ba7 35. h4 Kf7 36. h5 Rd7 37. hxg6+ hxg6 38. Nf4 1-0

[Event "GER-ch U25-B"]
[Site "Willingen"]
[Date "2018.05.20"]
[Round "2"]
[White "Frank, Carolin"]
[Black "Abou Wally, Adrian"]
[Result "1-0"]
[WhiteElo "1571"]
[BlackElo "1355"]
[PlyCount "81"]
[EventDate "2018.05.19"]
[EventType "swiss"]
[EventRounds "9"]
[EventCountry "GER"]
[SourceTitle "CBM 184 Extra"]
[Source "ChessBase"]
[SourceDate "2018.06.28"]
[SourceVersion "1"]
[SourceVersionDate "2018.06.28"]
[SourceQuality "1"]

1. Nf3 c5 2. c4 Nc6 3. g3 g6 4. Bg2 Bg7 5. 0-0 e5 6. d3 Nge7 7. Nc3 0-0 8. Ne1 d6 9. Nc2 Be6 10. Ne3 f5 11. Ncd5 Bf7 12. Bd2 a5 13. a3 Nxd5 14. Nxd5 Ne7 15. Bg5 Bxd5 16. Bxd5+ Kh8 17. Qd2 Qc7 18. Bf3 Ng8 19. Qc2 f4 20. gxf4 exf4 21. Qd2 d5 22. e3 dxc4 23. dxc4 Be5 24. exf4 Bxf4 25. Bxf4 Rxf4 26. Qc3+ Qg7 27. Qxg7+ Kxg7 28. Bd5 Nf6 29. Rfe1 Nxd5 30. cxd5 Rd8 31. Rad1 Rf5 32. d6 Rf6 33. Re7+ Rf7 34. Rd5 b6 35. Rc7 Rxc7 36. dxc7 Rc8 37. Rd7+ Kh6 38. Kg2 g5 39. Kf3 Kg6 40. Ke4 Re8+ 41. Kd5 1-0

[Event "Ruhrgebiet Verbandsliga Gruppe 1 1718"]
[Site "Germany"]
[Date "2018.03.18"]
[Round "8"]
[White "Frank, Carolin"]
[Black "Nowak, Michael"]
[Result "0-1"]
[WhiteElo "1543"]
[BlackElo "1926"]
[PlyCount "38"]
[EventDate "2017.09.17"]
[EventType "team-tourn"]
[EventRounds "9"]
[EventCountry "GER"]
[SourceTitle "EXT 2022"]
[Source "ChessBase"]
[SourceDate "2021.10.06"]
[SourceVersion "1"]
[SourceVersionDate "2021.10.06"]
[SourceQuality "1"]
[WhiteTeam "Muelheim Nord IV"]
[BlackTeam "Essen Werden"]
[WhiteTeamCountry "GER"]
[BlackTeamCountry "GER"]

1. Nf3 c5 2. c4 Nc6 3. d4 cxd4 4. Nxd4 e5 5. Nxc6 bxc6 6. g3 Nf6 7. Bg2 Bb4+ 8. Bd2 Rb8 9. 0-0 d5 10. cxd5 cxd5 11. Bxb4 Rxb4 12. Qc2 0-0 13. Nd2 Ba6 14. Nb3 Qb6 15. Rad1 Bc4 16. Rfe1 a5 17. Rd2 a4 18. Na1 Bxa2 19. Qd3 Rd4 0-1

[Event "GER-ch U25-B"]
[Site "Willingen"]
[Date "2017.06.06"]
[Round "4"]
[White "Frank, Carolin"]
[Black "Ljuca, Semir"]
[Result "1-0"]
[WhiteElo "1503"]
[BlackElo "1263"]
[PlyCount "123"]
[EventDate "2017.06.04"]
[EventType "swiss"]
[EventRounds "9"]
[EventCountry "GER"]
[SourceTitle "CBM 178 Extra"]
[Source "ChessBase"]
[SourceDate "2017.06.22"]
[SourceVersion "1"]
[SourceVersionDate "2017.06.22"]
[SourceQuality "1"]

1. Nf3 d5 2. g3 e6 3. Bg2 Nf6 4. d4 Be7 5. 0-0 0-0 6. c4 b6 7. Nc3 Bb7 8. cxd5 exd5 9. Qc2 Nbd7 10. a4 Ne4 11. Bf4 Nxc3 12. Qxc3 c5 13. a5 Bf6 14. e3 Ba6 15. Rfc1 Rc8 16. Qd2 cxd4 17. Rxc8 Qxc8 18. Nxd4 Bxd4 19. Qxd4 Nf6 20. axb6 axb6 21. Qxb6 Bd3 22. Qd4 Bg6 23. Be5 Re8 24. Bxf6 gxf6 25. Qxf6 Re6 26. Qd4 Rc6 27. Bxd5 Rc1+ 28. Rxc1 Qxc1+ 29. Kg2 Qc8 30. b4 Bf5 31. Qh4 Qc2 32. Qc4 Qxc4 33. Bxc4 Be4+ 34. Kh3 Bf5+ 35. Kh4 Kg7 36. b5 Be4 37. b6 Bb7 38. Kg5 f6+ 39. Kf5 h5 40. e4 h4 41. Bd5 hxg3 42. hxg3 Ba6 43. b7 Bxb7 44. Bxb7 Kf7 45. f4 Kg7 46. g4 Kf7 47. Bd5+ Ke7 48. Kg6 Kf8 49. Kxf6 Ke8 50. g5 Kf8 51. g6 Ke8 52. g7 Kd7 53. g8Q Kc7 54. Qf7+ Kb6 55. Qb7+ Kc5 56. e5 Kd4 57. e6 Kc5 58. e7 Kd4 59. e8Q Kd3 60. Qe4+ Kd2 61. Qb2+ Kd1 62. Bb3# 1-0

[Event "GER-ch U25-B"]
[Site "Willingen"]
[Date "2017.06.06"]
[Round "5"]
[White "Schilay, Maria"]
[Black "Frank, Carolin"]
[Result "0-1"]
[WhiteElo "1408"]
[BlackElo "1503"]
[PlyCount "86"]
[EventDate "2017.06.04"]
[EventType "swiss"]
[EventRounds "9"]
[EventCountry "GER"]
[SourceTitle "CBM 178 Extra"]
[Source "ChessBase"]
[SourceDate "2017.06.22"]
[SourceVersion "1"]
[SourceVersionDate "2017.06.22"]
[SourceQuality "1"]

1. e4 d5 2. exd5 Qxd5 3. Nc3 Qa5 4. d4 c6 5. Bc4 Nf6 6. Nf3 Bf5 7. 0-0 e6 8. Nh4 Bg4 9. Qd3 Nbd7 10. Bd2 Qc7 11. Rfe1 Be7 12. h3 Bh5 13. Re3 Nd5 14. Nxd5 cxd5 15. Bxd5 Bxh4 16. Qe4 Be7 17. Bb3 Nf6 18. Qd3 Bg6 19. Qc3 Qxc3 20. Bxc3 0-0 21. d5 Bc5 22. Re5 Bd6 23. Re2 Nxd5 24. Rd2 Nxc3 25. Rxd6 Ne4 26. Rd4 Rfd8 27. Rad1 Rxd4 28. Rxd4 Nc5 29. Rc4 b6 30. Rc3 Rd8 31. Kf1 h6 32. Ke1 e5 33. Rg3 Be4 34. f3 Bd5 35. Rg4 Bxb3 36. axb3 f5 37. Rc4 Kf7 38. b4 Ne6 39. c3 g5 40. g3 Rd3 41. Ke2 e4 42. fxe4 fxe4 43. Rxe4 Rxg3 0-1

[Event "GER-ch U25-B"]
[Site "Willingen"]
[Date "2016.05.18"]
[Round "6"]
[White "Frank, Carolin"]
[Black "Kluehs, Isabel"]
[Result "1/2-1/2"]
[WhiteElo "1319"]
[BlackElo "919"]
[PlyCount "69"]
[EventDate "2016.05.15"]
[EventType "swiss"]
[EventRounds "9"]
[EventCountry "GER"]
[SourceTitle "CBM 172 Extra"]
[Source "ChessBase"]
[SourceDate "2016.06.21"]
[SourceVersion "1"]
[SourceVersionDate "2016.06.21"]
[SourceQuality "1"]

1. Nf3 Nf6 2. g3 d5 3. Bg2 e6 4. 0-0 Bd6 5. d4 0-0 6. c4 c6 7. cxd5 cxd5 8. Nc3 Nc6 9. Nb5 a6 10. Nxd6 Qxd6 11. Bf4 Qe7 12. Ne5 Bd7 13. Rc1 Rac8 14. Bg5 Rfd8 15. Qd2 h6 16. Bf4 Nb4 17. a3 Nc6 18. Rc3 Nxe5 19. Bxe5 Rxc3 20. Qxc3 Bc6 21. Rc1 Ng4 22. Bf4 Nf6 23. Qf3 Rc8 24. Be5 Ne4 25. Qg4 Qg5 26. Qxg5 Nxg5 27. h4 Ne4 28. Bxe4 dxe4 29. a4 Bd7 30. Rxc8+ Bxc8 31. Kf1 f6 32. Bd6 Kf7 33. g4 e5 34. d5 Bxg4 35. Ke1 1/2-1/2